| 000 | 00439cam a2200181ua 4500 | ||
|---|---|---|---|
| 001 | 372 | ||
| 008 | 110330n ii |||gr||||Z||||||asm | ||
| 040 | _cMAIN | ||
| 082 | _a327 | ||
| 245 | 1 |
_aAntorastrio homporko _cby Purandar Gogoi |
|
| 250 | _a6th. | ||
| 260 |
_aGuwahati: _bJyoti, _c2005. |
||
| 300 | _a232p:0cm. | ||
| 653 | _aPolitical science | ||
| 653 | _aInternational relations | ||
| 700 |
_aGogoi, Purandar., _eAuthor. |
||
| 942 | _cBK | ||
| 999 |
_c319 _d319 |
||